| 000 | 00712nam a2200217Ii 4500 | ||
|---|---|---|---|
| 003 | JO-AjNU | ||
| 008 | 230605s9999||||xx |||||||||||||| ||und|| | ||
| 017 | _a95/7/750 | ||
| 040 |
_aJO-AjNU _bara _erda _cJO-AjNU |
||
| 041 | _aara | ||
| 050 | 1 | 4 | _aHA29.5.A7.A7868.1995 |
| 100 | 3 |
_aالعاروري، فتحي/شفيق العتوم, _eauthor _935030 |
|
| 245 | 0 | 0 | _aالاساليب الاحصائية، ج2 |
| 250 | _aط1 | ||
| 264 | 3 | 1 | _aعمان:دار المناهج للنشر والتوزيع،1995 |
| 300 |
_aج2، 452ص _bجداول احصائية |
||
| 336 |
_atext _btxt _2rdacontent |
||
| 337 |
_aunmediated _bn _2rdamedia |
||
| 338 |
_avolume _bnc _2rdacarrier |
||
| 650 | 4 |
_aالاحصاء _935031 |
|
| 999 |
_aA14421 _c17989 _d17989 |
||